00487nam a2200133Ia 45000010005000000080041000050200021000460820019000671000018000862450148001042600060002529010026003129990015003382317241024s9999 xx 000 0 und d a978-999-4541-483 aRD/863.5/D618c a[*SIN AUTOR*] 0aDiversión, Color y Fantasia. Cuentos de niños y niñas dominicanos/ editado Liliana Montenegro, Compilado por equipo PEF. Lengua Español bPontificia Universidad Católica Madre y Maestrac2011 a8/8/2012 9:59:18 a.m. c7781d7781